Home information pack programme (Record no. 104766)

MARC details
000 -LEADER
fixed length control field 01540cam a2200205 4500
001 - CONTROL NUMBER
control field ##L131445
008 - FIXED-LENGTH DATA ELEMENTS--GENERAL INFORMATION
fixed length control field 051103n2005 000 0 eng u
035 ## - SYSTEM CONTROL NUMBER
System control number (Sirsi) u131445
041 0# - LANGUAGE CODE
Language code of text/sound track or separate title eng
050 04 - LIBRARY OF CONGRESS CALL NUMBER
Classification number 333.33 $2 18
110 1# - MAIN ENTRY--CORPORATE NAME
Corporate name or jurisdiction name as entry element United Kingdom
Subordinate unit Office of the Deputy Prime Minister
245 ## - TITLE STATEMENT
Title Home information pack programme
Remainder of title certification scheme
260 ## - PUBLICATION, DISTRIBUTION, ETC.
Place of publication, distribution, etc. London
Name of publisher, distributor, etc. ODPM
Date of publication, distribution, etc. 2005
520 ## - SUMMARY, ETC.
Summary, etc. The ODPM has published two documents relating to the Home Information Pack (HIP) certification schemes. The role of certification schemes will be to ensure that home inspectors are fit and proper persons who are properly qualified and insured to prepare home condition reports. The ODPM envisages that certification schemes will be run by industry groups on a non-profit making basis. "HIP programme
Expansion of summary note certification scheme(s)standards
-- suggestedcompany framework" contains a suggested technical prospectus and memorandum of understanding for those wishing to form companies and/or seek approval from the ODPM to run a certification scheme. "HIP programme
-- approval of home inspectors' certifications scheme" details the proposed criteria for the HIP certification scheme.
590 ## - LOCAL NOTE (RLIN)
Local note IKA081105
650 24 - SUBJECT ADDED ENTRY--TOPICAL TERM
Topical term or geographic name entry element HOUSING ACT 2004
690 ## - LOCAL SUBJECT ADDED ENTRY--TOPICAL TERM (OCLC, RLIN)
Topical term or geographic name as entry element PROPERTY-RESIDENTIAL PROPERTY-ACQUISITION AND DISPOSAL OF RESIDENTIAL PROPERTY-HOME BUYING REFORM
856 40 - ELECTRONIC LOCATION AND ACCESS
Uniform Resource Identifier <a href="https://www.communities.gov.uk/archived/publications/housing/homeinformationpack4">https://www.communities.gov.uk/archived/publications/housing/homeinformationpack4</a>
Public note View the HIP programme documents free of charge at www.communities.gov.uk...
942 ## - ADDED ENTRY ELEMENTS (KOHA)
Suppress in OPAC 0
Holdings
Withdrawn status Lost status Source of classification or shelving scheme Damaged status Not for loan Home library Current library Shelving location Date acquired Total Checkouts Full call number Barcode Date last seen Copy number Price effective from Koha item type
    Dewey Decimal Classification     Virtual Virtual Online 03/11/2005   ONLINE PUBLICATION 131445-2001 06/08/2019 1 06/08/2019 Book